Akcie a eventy spoločenské podujatia

Malé spoločenské podujatia. Veľké spoločenské podujatia. Kokteil, raut, banket, recepcia. Štátna návšteva v hoteli. Pozvánky - druhy pozvánok, vzory pozvánok, kedy poslať pozvánku.

Guardado en:
Detalles Bibliográficos
Autor principal: Kašuba, Vladimír
Formato: Capítulo de libro
Lenguaje:eslovaco
Materias:
Etiquetas: Agregar Etiqueta
Sin Etiquetas, Sea el primero en etiquetar este registro!

MARC

LEADER 00000naa$a2200000$$$4500
001 0080536
005 20231009111427.7
041 0 |a slo 
044 |a SK 
245 1 0 |a Akcie a eventy  |b spoločenské podujatia  |c Vladimír Kašuba 
520 |a Malé spoločenské podujatia. Veľké spoločenské podujatia. Kokteil, raut, banket, recepcia. Štátna návšteva v hoteli. Pozvánky - druhy pozvánok, vzory pozvánok, kedy poslať pozvánku. 
610 2 0 |a hotelierstvo 
610 2 0 |a etiketa 
610 2 0 |a správanie 
610 2 0 |a reštaurácie 
610 2 0 |a hotely 
100 1 |a Kašuba, Vladimír